01062nam a22002297a 45000010005000000030006000050050017000110080041000280200018000690400029000870500009001160820010001251000015001352450126001502600049002763000058003255050008003835200334003915210028007255210018007536500061007717943FISKH20250814114143.0250814b cb ||||| |||| 00| 0 eng d a9781571454393 aFISKHbengcFISKHdFISKH aPZ7  a428.1 aAnonymous  aTimothy flies South : bLearn about the opposites as you read the story stickers and a press-out model add to the fun! /  aSan Diego : bSilver Dolphin Books, c1999.  a36 unnumbered pages : bcolor illustrations ; c21 cm aE  aTimothy, a colorful toucan, notices the weather turning cold and decides to fly south to find warmth. On his journey, he experiences and points out different opposites—such as night and day, high and low, and long and short. Once he reaches his sunny island, he enjoys the warm weather but also remembers his friends back home.8 a300 bLexile estimate 8 aF bRaz-Plus  aEarly learning vInteractive activities xPicture book